00773nam a22002177a 4500003000200000005001700002008004100019050002800060100004100088245009400129260007200223300003100295504004100326650002900367650003000396650002000426650002000446650002400466650002900490650003600519020250113160642.0241108b xxu||||| |||| 00| 0 eng d aPHS HM 1176b.P113 2024 aPabello, Moira Mikhaila M.,eauthor. aConsumed media content and gender expectations of teenagers /cMoira Mikhaila M. Pabello. aLas Piñas :bSouthville International School and Colleges,c2024. av, 43 p. :bill. ;c30 cm. aIncludes bibliographical references. aMass media and teenagers aGender role in mass media aMedia influence aGender identity aSocial expectations aMedia and gender studies aCultural influence on teenagers